000 00299nam a22001337a 4500
008 170630b xxu||||| |||| 00| 0 eng d
020 _a002322410
041 _aeng
080 _a82
100 _a22
101 _aGJL
245 _aPLATO EUTHYPHRO APOLOGY CRITO
_cCHURCH.F.J
942 _2udc
_cBK
999 _c19748
_d19748